| 000 | 00552 a2200193 4500 | ||
|---|---|---|---|
| 005 | 20240515112226.0 | ||
| 010 | _aB-759025 | ||
| 020 |
_a8189479067 _c200.00 |
||
| 035 | _aB-759025 | ||
| 037 | _bGift/Unesco | ||
| 082 | _a342.7308 | ||
| 245 |
_aSupreme Court on Children/ _cEdited by - Aparna Bhat |
||
| 260 |
_aNew Delhi _bSLI Centre _c2005 |
||
| 270 | _bNew Delhi | ||
| 300 |
_a598 p. _c22cm (Pb) |
||
| 700 |
_aBhat, Aparna _966190 |
||
| 942 |
_adpl _cEN _2ddc _h342.7308 _mSUP |
||
| 999 |
_c202853 _d202853 |
||